000 06866njm0a22004571 4500
001 RU\NLR\ONIZ\215710
005 20250708192727.0
035 _a(NLR Aleph) 011338064
035 _aRU\NLR\ONIZ\GALA\5000029356\20161121161716
071 0 0 _aSMC CD 0084
090 _a13283429
_c13283429
100 _a20161121d2013 |||y0rusy50 ca
102 _aRU
126 _aaguxhxu ux
_bxxx
127 _a000065
135 _ahonoannnanndn
200 1 _aИзбранные сочинения
_bЗвукозапись
_fР. Леденёв
210 _aМосква
_cМосковская государственная консерватория
_d2013
215 _a1 зв. диск (65 мин), в футл.
_eприл. (7 с.)
300 _aЗаписи 2003, 2008 и 2010 гг.
327 1 _a1. Семь настроений : для струнного квартета : (1967) / Р. Леденёв ; исполн.: Гос. квартет им. М. И. Глинки ;
_a2. Тишина : для скрипки соло : Памяти А. Шнитке : (1998) / Р. Леденёв ; исполн.: В. Песин, скрипка.
_a3. Попевки : для струнного квартета : (1969) / исполн.: Гос. квартет им. М. И. Глинки.
_a4. Сортавальский триптих : из цикла "Цветные открытки" (Розовые облака, Белая ночь, Синее озеро) : для фп. : (2000-2002) / Р. Леденёв ; исполн.: О. Алексеева, фп. ;
_a5. Con Sordini : (Маленький реквием) : для альта и камерного оркестра : (1998) / Р. Леденёв ; исполн.: Н. Кожухарь, альт, Камерный орк. Московской консерватории, дир. С. Дяченко ;
_a6. Песнопение : для мужского хора и струнного квартета : (2004) / Р. Леденёв ; исполн.: Моск. мужской камерный хор "Кастальский", дир. А. Рудневский и Гос. квартет им. М. И. Глинки ;
_a7. Восхищение : для струнного оркестра : (2010) / Р. Леденёв ; исполн.: Симф. орк. кафедры оперно-симф. дирижирования Моск. консерватории, дир. А. Левин
464 0 _12001#$aСемь настроений$eдля струнного квартета$e(1967)$fР. Леденёв$gисполн.: Гос. квартет им. М. И. Глинки
_1686##$aЩ952.507-054(2Р=Рус)$vLBC/SL$2rubbk
_1702#1$9z02790$aПесин$bВ.$gВладислав$4590$4svl
_1702#1$9z03790$aСмирнов$bО. Г.$gОлег Германович$f1950-$4590$4svc
_171202$aГос. квартет им. М. И. Глинки$4590
_1790#1$9z02702$aPesin$bV.$gVladislav$cviolin$4590$4svl
_1790#1$9z03702$aSmirnov$bO.$gOleg$f1950-$4590$4svc
_tСемь настроений
464 0 _12001#$aТишина$eдля скрипки соло$eПамяти А. Шнитке$e(1998)$fР. Леденёв$gисполн.: В. Песин, скрипка
_1686##$aЩ955.4-058.9(2Р=Рус)$vLBC/SL$2rubbk
_1702#1$9z01790$aПесин$bВ.$gВладислав$4590$4svl
_1790#1$9z01702$aPesin$bV.$gVladislav$cviolin$4590$4svl
_tТишина
464 0 _12001#$aПопевки$eдля струнного квартета$e(1969)$gисполн.: Гос. квартет им. М. И. Глинки
_1686##$aЩ952.507-054(2Р=Рус)$vLBC/SL$2rubbk
_171202$aГос. квартет им. М. И. Глинки$4590
_tПопевки
464 0 _12001#$aСортавальский триптих$eиз цикла "Цветные открытки" (Розовые облака, Белая ночь, Синее озеро)$eдля фп.$e(2000-2002)$fР. Леденёв$gисполн.: О. Алексеева, фп.
_1686##$aЩ954.2-054(2Р=Рус)$vLBC/SL$2rubbk
_1702#1$9z01790$aАлексеева$bО. А.$gОльга Андреевна$4590$4kfp
_1790#1$9z01702$aAlekseeva$bO.$gOl'ga$4590$4kfp
_tСортавальский триптих
464 0 _12001#$aCon Sordini$e(Маленький реквием)$eдля альта и камерного оркестра$e(1998)$fР. Леденёв$gисполн.: Н. Кожухарь, альт, Камерный орк. Московской консерватории, дир. С. Дяченко
_1686##$aЩ955.5-069(2Р=Рус)$vLBC/SL$2rubbk
_1702#1$9z01790$aДяченко$bС. Д.$gСтанислав Дмитриевич$4250
_1702#1$9z02790$aКожухарь$bН.$gНазар$f1969-$4590$4sva
_171202$aКамерный оркестр Московской консерватории$4590
_1790#1$9z01702$aDyachenko$bS.$gStanislav$4250
_1790#1$9z02702$aKozhukhar'$bN.$gNazar$f1969-$4590$4sva
_tCon Sordini
464 0 _12001#$aПеснопение$eдля мужского хора и струнного квартета$e(2004)$fР. Леденёв$gисполн.: Моск. мужской камерный хор "Кастальский", дир. А. Рудневский и Гос. квартет им. М. И. Глинки
_1686##$aЩ941.4-043.4(2Р=Рус)$vLBC/SL$2rubbk
_1700#1$9z01790$aЛеденёв$bР. С.$gРоман Семёнович$f1930-$4230
_1702#1$9z02790$aРудневский$bА. М.$gАлексей Максимович$4250
_171202$aГос. квартет им. М. И. Глинки$4590
_171202$aМосковский мужской камерный хор "Кастальский"$4590
_1790#1$9z01700$aLedenyev$bR. S.$gRoman Semyonovich$fрод. 1930$4230
_1790#1$9z02702$aRudnevskij$bA.$gAlexij$4250
_tПеснопение
_aЛеденёв, Роман Семёнович (1930-)
464 0 _12001#$aВосхищение$eдля струнного оркестра$e(2010)$fР. Леденёв$gисполн.: Симф. орк. кафедры оперно-симф. дирижирования Моск. консерватории, дир. А. Левин
_1686##$aЩ951.5-058.9(2Р=Рус)$vLBC/SL$2rubbk
_1702#1$9z01790$aЛевин$bА. А.$cдирижер$f1947-$gАнатолий Абрамович$3RU\NLR\AUTH\770246457$4250
_1790#1$9z01702$aLevin$bA.$gAnatolij$f1947-$4250
_tВосхищение
606 1 _aМузыка российских композиторов
_xЗвукозапись
_yРоссия
_z21 в.
_2nlr_sh
686 _aЩ9я44(2Р=Рус)
_vLBC/SL
_2rubbk
700 1 _9z01790
_aЛеденёв
_bР. С.
_f1930-2016
_gРоман Семёнович
_4230
_7ca
790 1 _9z01700
_aLedenyev
_bR. S.
_fрод. 1930
_gRoman Semyonovich
_4230
801 0 _aRU
_bNLR
_c20161121
_gPSBO
801 1 _aRU
_bNLR
_c20161121
_2rusmarc
801 2 _aRU
_bNLR
_c20161123
852 _aNLR
_bМг
_jД/2048
_p4205
_t1
942 _cREC
980 _aNB
980 _aONIZ